000 00520nam a2200205Ia 4500
005 20250707102756.0
008 008 250516s9999 xx 000 0 hin d
020 _a9789392998706
040 _beng
_cSDCL
041 _ahin
_2hin
084 _aNW2 R4
100 _aRama
245 0 _aLokpriya cinema
246 _aलोकप्रिय सिनेमा
260 _aDelhi :
_bNayee Kitab Prakashan,
_c2024.
300 _a120p.
490 _aHindi cineyatra
650 _aHindi
942 _cTEXL
_2CC
999 _c1429317
_d1429317